Montreal Canadiens Greatest All-Time Roster - Statistics

General Stats
  • This quiz has been taken 313 times
  • The average score is 13 of 20
Answer Stats
Hint Answer % Correct
Right Wing Maurice Richard
98%
Goaltender Carey Price
97%
Center Henri Richard
97%
Right Wing Guy Lafleur
88%
Goaltender Jacques Plante
87%
Center Jean Béliveau
87%
Defenseman Larry Robinson
75%
Defenseman Andrei Markov
66%
Defenseman Serge Savard
64%
Center Howie Morenz
60%
Right Wing Yvan Cournoyer
58%
Right Wing Bernie Geoffrion
57%
Defenseman Guy Lapointe
53%
Left Wing Max Pacioretty
52%
Defenseman Doug Harvey
49%
Left Wing Steve Shutt
46%
Center Jacques Lemaire
40%
Left Wing Dickie Moore
37%
Left Wing Aurele Joliat
28%
Defenseman J.C. Tremblay
17%
No matching quizzes found
Score Distribution
Percent of People with Each Score
Percentile by Number Answered
Your Score History
You have not taken this quiz